|
|
|
|
| LEADER |
00660cam a2200193 7i4500 |
| 001 |
0000016869 |
| 005 |
20151104090000.0 |
| 005 |
##20151104120400.0 |
| 003 |
##MY-KlINT |
| 020 |
# |
# |
|a 0814471757
|
| 039 |
# |
9 |
|y 201511041204
|z VLOAD
|
| 090 |
0 |
0 |
|a 004.67
|b SHA
|
| 100 |
1 |
# |
|a Shaw, Russell
|
| 245 |
1 |
0 |
|a Wireless networking made easy :
|b everything you need to know to build your own pans, lans, and, wans /
|c by Russell Shaw.
|
| 260 |
# |
# |
|a New York:
|b American Management Association,
|c 2003.
|
| 300 |
# |
# |
|a xv,259p.:
|b ill.;
|c 24cm.
|
| 500 |
# |
# |
|a Includes index
|
| 650 |
# |
0 |
|a Wide area networks --
|x Amateur' manual
|
| 650 |
# |
0 |
|a Wireless local area network --
|x Amateur' manuals
|